Statistics for Backstreet Boys - Titles in lyrics

Click here to take the quiz!

General Stats

  • This quiz has been taken 787 times
  • The average score is 7 of 12

Answer Stats

HintAnswer% Correct
Tell me why, I never wanna hear you say _ ____ __ ____ ___I Want It That Way
93%
I don't care who you are, where you're from, what you did, __ ____ __ ___ ____ __As Long As You Love Me
83%
Rock your body yeah, __________ yeahEverybody (Backstreet's Back)
81%
I played my part, kept you in the dark, now let me show you the ______ __ __ _____Shape Of My Heart
75%
You know you've gotta stop, you're tearin' us apart ____ _______ ____ with my heartQuit Playing Games (With My Heart)
68%
____ __ ___ ________ __ ______ _______ Is this the feeling I need to walk withShow Me The Meaning Of Being Lonely
59%
But without you all I’m going to be is ________Incomplete
58%
Baby I can't help it, you keep me _________ in your loveDrowning
54%
But my love is ___ _ _____ __ ____, without you I don't think I could liveAll I Have To Give
52%
In a time like this where nothing comes from the heart, __ _ ______ ____ ____, I've got youIn A World Like This
24%
I know you will be forever in my life, _____ ____Never Gone
9%
That you're the one I'm waiting for, will you be _____________Unmistakable
9%

Score Distribution

Percentile by Number Answered

Percent of People with Each Score

Your Score History

You have not taken this quiz